[Event "European Club Cup 2006"]
[Site "Fuegen AUT"]
[Date "2006.10.13"]
[Round "6.115"]
[White "Rasmussen, Casper"]
[Black "Van Ketel, Raoul"]
[Result "1-0"]
[WhiteElo "2316"]
[BlackElo "2324"]
[PlyCount "81"]
[EventDate "2006.10.08"]
[EventType "team"]
[EventRounds "7"]
[EventCountry "AUT"]
[Source "lmi"]
[SourceDate "2006.10.08"]

1. c4 e6 2. g3 Nf6 3. Bg2 d5 4. Nf3 dxc4 5. Qa4+ c6 6. Qxc4 b5 7. Qc2 Bb7 8. d4
Nbd7 9. a4 c5 10. O-O b4 11. a5 Rc8 12. a6 Bd5 13. Bg5 Be7 14. Rc1 O-O 15. Nbd2
h6 16. Bxf6 Nxf6 17. e4 Ba8 18. e5 Nd5 19. dxc5 Bxc5 20. Nc4 Nb6 21. Qe2 Nxc4
22. Rxc4 Bd5 23. Rc2 Qb6 24. Ne1 Bb3 25. Rcc1 Rfd8 26. Bb7 Rc7 27. Nd3 Be7 28.
Nf4 Rcd7 29. Rc6 Qd4 30. Rac1 g5 31. Nh3 Bd1 32. Qe3 Qg4 33. Rc7 Qxh3 34. Rxd7
Rxd7 35. Qxa7 Bf3 36. Qa8+ Rd8 37. Bxf3 Rxa8 38. Bxa8 Qg4 39. Be4 Kg7 40. f3
Qh5 41. a7 1-0

[Event "European Club Cup 2006"]
[Site "Fuegen AUT"]
[Date "2006.10.13"]
[Round "6.116"]
[White "Van Wessel, Rudy"]
[Black "Pedersen, Finn"]
[Result "1-0"]
[WhiteElo "2321"]
[BlackElo "2317"]
[PlyCount "133"]
[EventDate "2006.10.08"]
[EventType "team"]
[EventRounds "7"]
[EventCountry "AUT"]
[Source "lmi"]
[SourceDate "2006.10.08"]

1. e4 c6 2. d4 d5 3. e5 h5 4. c3 Bg4 5. Qb3 Qb6 6. Bd3 g6 7. Nd2 Bh6 8. h3 Bd7
9. Ne2 e6 10. O-O Na6 11. Nf3 c5 12. Be3 c4 13. Qxb6 axb6 14. Bc2 Ne7 15. Rae1
Nc7 16. Bb1 Nf5 17. Bxh6 Nxh6 18. g3 O-O-O 19. Ng5 Rdf8 20. Nf4 Ne8 21. Kg2 Ng7
22. f3 b5 23. a3 Kc7 24. g4 Kb6 25. Kf2 Ka5 26. Rg1 Ng8 27. Bc2 Ne7 28. Ne2 Be8
29. Kg3 Kb6 30. Rh1 Ka5 31. h4 Kb6 32. Nh3 Rh6 33. Nhf4 Rfh8 34. Ng2 Kc7 35.
Kf4 Kd8 36. Ng3 Bd7 37. Kg5 Ke8 38. Nf4 Kf8 39. gxh5 gxh5 40. Nfe2 Ng6 41. Rhg1
Ne8 42. Bxg6 Rxg6+ 43. Kf4 Ng7 44. Ke3 f6 45. Nf4 Rxg3 46. Rxg3 Nf5+ 47. Kf2
Nxg3 48. Kxg3 Kf7 49. exf6 Kxf6 50. Re5 b4 51. axb4 Rg8+ 52. Kf2 Ra8 53. Nxh5+
Kf7 54. Rg5 Ba4 55. Rg7+ Kf8 56. Rxb7 Bc2 57. Nf4 Bf5 58. b5 Ra2 59. b6 Rxb2+
60. Kg3 Rb3 61. h5 Kg8 62. Kh4 e5 63. Nxd5 exd4 64. Ne7+ Kf8 65. Nxf5 d3 66. h6
d2 67. Rd7 1-0

[Event "European Club Cup 2006"]
[Site "Fuegen AUT"]
[Date "2006.10.13"]
[Round "6.117"]
[White "Rewitz, Poul"]
[Black "Bakker, Sven"]
[Result "0-1"]
[WhiteElo "2245"]
[BlackElo "2237"]
[PlyCount "72"]
[EventDate "2006.10.08"]
[EventType "team"]
[EventRounds "7"]
[EventCountry "AUT"]
[Source "lmi"]
[SourceDate "2006.10.08"]

1. e4 c6 2. d4 d5 3. Nc3 dxe4 4. Nxe4 Bf5 5. Ng3 Bg6 6. N1e2 e6 7. Nf4 Qc7 8.
Bc4 Nf6 9. Bb3 Bd6 10. Qf3 Nd5 11. Nxg6 hxg6 12. Ne4 Be7 13. c4 Nf6 14. Bf4
Qa5+ 15. Nd2 Nbd7 16. O-O-O Rc8 17. c5 b5 18. Kb1 Qd8 19. Rhe1 Nd5 20. Bxd5
cxd5 21. Qa3 a5 22. Qb3 b4 23. Qa4 O-O 24. Rc1 e5 25. Rxe5 Nxe5 26. Bxe5 Bf6
27. Nf3 Bxe5 28. dxe5 Re8 29. c6 Qb6 30. Rc2 Re6 31. c7 Rxc7 32. Rxc7 Qxc7 33.
Qd1 Qc4 34. h4 Qe4+ 35. Ka1 Rc6 36. Qb1 Qf4 0-1

[Event "European Club Cup 2006"]
[Site "Fuegen AUT"]
[Date "2006.10.13"]
[Round "6.118"]
[White "Wantola, Ivo"]
[Black "Grand, Hans Henrik"]
[Result "1/2-1/2"]
[WhiteElo "2226"]
[BlackElo "2047"]
[PlyCount "118"]
[EventDate "2006.10.08"]
[EventType "team"]
[EventRounds "7"]
[EventCountry "AUT"]
[Source "lmi"]
[SourceDate "2006.10.08"]

1. d4 d5 2. Nf3 e6 3. c4 c6 4. Qc2 f5 5. Bf4 Nf6 6. e3 Be7 7. Nc3 Ne4 8. Bd3
Nd7 9. g4 Ndf6 10. gxf5 exf5 11. cxd5 cxd5 12. Bb5+ Bd7 13. Bxd7+ Qxd7 14. Ne5
Qe6 15. Qa4+ Kf8 16. Nb5 Ne8 17. Rc1 Rc8 18. Rxc8 Qxc8 19. O-O a6 20. Na7 Qe6
21. Rc1 N4d6 22. Nc8 Nxc8 23. Qd7 Qxd7 24. Nxd7+ Kf7 25. Rxc8 Ke6 26. Nc5+ Bxc5
27. Rxc5 g5 28. Be5 Rg8 29. Rc8 Kd7 30. Rb8 Kc6 31. Rd8 h5 32. Kg2 h4 33. a4 a5
34. Rc8+ Kd7 35. Rc5 b6 36. Rxd5+ Kc8 37. Rb5 Kb7 38. d5 Rg6 39. f3 g4 40. fxg4
Rxg4+ 41. Kf3 Nc7 42. Bxc7 Kxc7 43. d6+ Kc6 44. d7 Kxd7 45. Rxb6 Rxa4 46. Rf6
Rb4 47. Rxf5 Rxb2 48. h3 Rb1 49. Rxa5 Rg1 50. Rh5 Rg3+ 51. Kf4 Rxh3 52. e4 Rh1
53. Ke5 h3 54. Rh7+ Kc6 55. Ke6 h2 56. e5 Kc5 57. Rc7+ Kd4 58. Rh7 Re1 59. Rh4+
Re4 1/2-1/2

[Event "European Club Cup 2006"]
[Site "Fuegen AUT"]
[Date "2006.10.13"]
[Round "6.119"]
[White "Pilgaard, Kim"]
[Black "Maki Uuro, Miikka"]
[Result "1/2-1/2"]
[WhiteElo "2421"]
[BlackElo "2392"]
[PlyCount "31"]
[EventDate "2006.10.08"]
[EventType "team"]
[EventRounds "7"]
[EventCountry "AUT"]
[Source "lmi"]
[SourceDate "2006.10.08"]

1. e4 e6 2. d4 d5 3. Nc3 Nf6 4. e5 Nfd7 5. f4 c5 6. Nf3 Nc6 7. Be3 cxd4 8. Nxd4
Bc5 9. Qd2 O-O 10. g3 Bxd4 11. Bxd4 Nxd4 12. Qxd4 Nb8 13. O-O-O Nc6 14. Qd2 a6
15. Kb1 Bd7 16. Ne2 1/2-1/2

[Event "European Club Cup 2006"]
[Site "Fuegen AUT"]
[Date "2006.10.13"]
[Round "6.120"]
[White "Lehtivaara, Petri"]
[Black "Bromann, Thorbjorn"]
[Result "1/2-1/2"]
[WhiteElo "2381"]
[BlackElo "2379"]
[PlyCount "38"]
[EventDate "2006.10.08"]
[EventType "team"]
[EventRounds "7"]
[EventCountry "AUT"]
[Source "lmi"]
[SourceDate "2006.10.08"]

1. d4 c5 2. e3 Nf6 3. Nf3 g6 4. c4 Bg7 5. Nc3 O-O 6. Be2 cxd4 7. exd4 d5 8. h3
Nc6 9. O-O Be6 10. cxd5 Nxd5 11. Re1 Rc8 12. Be3 Nxc3 13. bxc3 Na5 14. Qd2 Bc4
15. Bh6 Bxe2 16. Bxg7 Kxg7 17. Rxe2 Nc4 18. Qe1 e6 19. h4 Qd5 1/2-1/2

[Event "European Club Cup 2006"]
[Site "Fuegen AUT"]
[Date "2006.10.13"]
[Round "6.121"]
[White "Brinck Claussen, Bjorn"]
[Black "Hentunen, Asko"]
[Result "0-1"]
[WhiteElo "2361"]
[BlackElo "2336"]
[PlyCount "56"]
[EventDate "2006.10.08"]
[EventType "team"]
[EventRounds "7"]
[EventCountry "AUT"]
[Source "lmi"]
[SourceDate "2006.10.08"]

1. e4 c5 2. Nf3 g6 3. d4 Bg7 4. dxc5 Qa5+ 5. c3 Qxc5 6. Na3 Bxc3+ 7. bxc3 Qxc3+
8. Qd2 Qxa1 9. Nb5 Na6 10. Nc3 Nc5 11. Bc4 b5 12. Bxb5 Nf6 13. O-O Ncxe4 14.
Nxe4 Nxe4 15. Qd5 Rb8 16. Bf4 Rxb5 17. Qxb5 Qxa2 18. Qe5 Nf6 19. Re1 Qxf2+ 20.
Kh1 O-O 21. Bh6 Re8 22. Be3 Qa2 23. Bh6 Qe6 24. Qd4 Qb6 25. Qh4 Bb7 26. Be3 Qc6
27. Bd4 Ne4 28. Qh6 e5 0-1

[Event "European Club Cup 2006"]
[Site "Fuegen AUT"]
[Date "2006.10.13"]
[Round "6.122"]
[White "Pulkkinen, Kari"]
[Black "Carstensen, Jacob"]
[Result "1/2-1/2"]
[WhiteElo "2328"]
[BlackElo "2307"]
[PlyCount "67"]
[EventDate "2006.10.08"]
[EventType "team"]
[EventRounds "7"]
[EventCountry "AUT"]
[Source "lmi"]
[SourceDate "2006.10.08"]

1. e4 c5 2. Nf3 d6 3. d4 cxd4 4. Nxd4 Nf6 5. Nc3 a6 6. f4 e5 7. Nf3 Nbd7 8. a4
Be7 9. Bd3 O-O 10. O-O Nc5 11. Kh1 exf4 12. Bxf4 Bg4 13. Qd2 Bh5 14. Nd4 Bg6
15. Rae1 Re8 16. Nf5 Bxf5 17. exf5 d5 18. Be5 d4 19. Ne2 Ng4 20. Bxd4 Bg5 21.
Qb4 Nxd3 22. cxd3 a5 23. Qxb7 Bd2 24. Rd1 Rxe2 25. Qf3 Nxh2 26. Qxe2 Qxd4 27.
Qxd2 Nxf1 28. Rxf1 Ra6 29. f6 Rxf6 30. Rxf6 gxf6 31. b3 Qa1+ 32. Kh2 Qd4 33. g3
h5 34. Qxa5 1/2-1/2

[Event "European Club Cup 2006"]
[Site "Fuegen AUT"]
[Date "2006.10.13"]
[Round "6.125"]
[White "Sahl, Bjarke"]
[Black "Pinter, Jozsef"]
[Result "0-1"]
[WhiteElo "2389"]
[BlackElo "2513"]
[PlyCount "86"]
[EventDate "2006.10.08"]
[EventType "team"]
[EventRounds "7"]
[EventCountry "AUT"]
[Source "lmi"]
[SourceDate "2006.10.08"]

1. e4 e5 2. Nf3 Nc6 3. Bb5 a6 4. Ba4 Nf6 5. O-O Be7 6. Re1 b5 7. Bb3 O-O 8. d4
d6 9. c3 Bg4 10. d5 Na5 11. Bc2 c6 12. h3 Bh5 13. dxc6 Qc7 14. Nbd2 Rad8 15.
Nf1 Nxc6 16. Ng3 Bg6 17. Nh4 d5 18. Nxg6 hxg6 19. exd5 Nxd5 20. Qf3 Na5 21. Nf1
b4 22. Ne3 Nxe3 23. Rxe3 Nc4 24. Re2 bxc3 25. Qxc3 Rd4 26. Be3 Bb4 27. Bxd4
Bxc3 28. Bxc3 Rd8 29. Rae1 Rd5 30. Bb3 Rc5 31. Rd1 Na5 32. Bd5 Nc6 33. Bb3 g5
34. g3 Kh7 35. Red2 Nd4 36. Bxd4 exd4 37. Rxd4 Rc1 38. Kg2 Qb7+ 39. Bd5 Qxb2
40. R1d2 Qb5 41. Bxf7 Qf1+ 42. Kf3 Qxh3 43. Bd5 Re1 0-1

[Event "European Club Cup 2006"]
[Site "Fuegen AUT"]
[Date "2006.10.13"]
[Round "6.126"]
[White "Fejzullahu, Afrim"]
[Black "Tisdall, Jonathan"]
[Result "1/2-1/2"]
[WhiteElo "2305"]
[BlackElo "2448"]
[PlyCount "53"]
[EventDate "2006.10.08"]
[EventType "team"]
[EventRounds "7"]
[EventCountry "AUT"]
[Source "lmi"]
[SourceDate "2006.10.08"]

1. e4 e5 2. Nf3 Nc6 3. Bb5 a6 4. Ba4 Nf6 5. O-O Be7 6. Re1 b5 7. Bb3 d6 8. c3
O-O 9. h3 Na5 10. Bc2 c5 11. d4 Qc7 12. d5 Bd7 13. Nbd2 g6 14. Nf1 Nh5 15. Bh6
Ng7 16. g4 f6 17. Ng3 Nb7 18. Kh2 Nd8 19. Rg1 Nf7 20. Be3 Kh8 21. a4 Qb7 22. b3
Qc8 23. Qf1 Ng5 24. Nh4 Nf7 25. Nf3 Ng5 26. Nh4 Nf7 27. Nf3 1/2-1/2

[Event "European Club Cup 2006"]
[Site "Fuegen AUT"]
[Date "2006.10.13"]
[Round "6.129"]
[White "Sahl, Sheila Barth"]
[Black "Arben, Avdiu"]
[Result "1-0"]
[WhiteElo "2192"]
[BlackElo "2000"]
[PlyCount "77"]
[EventDate "2006.10.08"]
[EventType "team"]
[EventRounds "7"]
[EventCountry "AUT"]
[Source "lmi"]
[SourceDate "2006.10.08"]

1. e4 c5 2. Nf3 Nc6 3. d4 cxd4 4. Nxd4 g6 5. f4 d6 6. Nc3 Bg7 7. Nf3 Nh6 8. Bd3
O-O 9. O-O a6 10. a4 Qa5 11. Qe1 f5 12. Kh1 Kh8 13. Bd2 Bd7 14. Ng5 e6 15. Nb5
Qd8 16. Nxd6 b6 17. Bc3 e5 18. Qh4 Qe7 19. Nc4 Rab8 20. Rae1 b5 21. axb5 axb5
22. Nxe5 Nxe5 23. exf5 Bxf5 24. Rxe5 Bxe5 25. Bxe5+ Kg8 26. Qxh6 Bxd3 27. cxd3
Rb7 28. Nf3 Rf5 29. Qh3 Qd7 30. Nd4 Rf7 31. Qxd7 Rfxd7 32. Rc1 Rd8 33. Kg1 h6
34. Kf2 Kh7 35. Ke3 Rbd7 36. Ke4 h5 37. Rc5 Ra8 38. Rxb5 g5 39. fxg5 1-0

[Event "European Club Cup 2006"]
[Site "Fuegen AUT"]
[Date "2006.10.13"]
[Round "6.131"]
[White "Sprenger, Jan Michael"]
[Black "Pedersen, Nicolai Vesterbaek"]
[Result "1-0"]
[WhiteElo "2525"]
[BlackElo "2510"]
[PlyCount "117"]
[EventDate "2006.10.08"]
[EventType "team"]
[EventRounds "7"]
[EventCountry "AUT"]
[Source "lmi"]
[SourceDate "2006.10.08"]

1. e4 e5 2. Nf3 Nc6 3. Bb5 Nf6 4. O-O Nxe4 5. Re1 Nd6 6. Nxe5 Nxe5 7. Rxe5+ Be7
8. Bf1 O-O 9. d4 Bf6 10. Re1 Nf5 11. c3 d5 12. Bf4 Nh4 13. Bd3 Ng6 14. Qh5 Be6
15. Nd2 Qd7 16. h3 Rfe8 17. Bg3 Qc6 18. Nf3 Qb6 19. Rab1 Bd7 20. Rxe8+ Rxe8 21.
Qxd5 Be6 22. Qb5 Qxb5 23. Bxb5 c6 24. Bd3 Bd5 25. a3 Bxf3 26. gxf3 Nh4 27. Be4
Be7 28. Kf1 f5 29. Bxh4 Bxh4 30. Bxf5 Kf7 31. Be4 Bf6 32. b4 Rc8 33. Ke2 h6 34.
f4 Ke6 35. Kd3 Kd6 36. b5 Kc7 37. a4 Rd8 38. Kc4 Rd7 39. a5 Kd6 40. bxc6 bxc6
41. a6 Rc7 42. Rb8 Re7 43. f3 Rc7 44. Rb7 Bh4 45. Kd3 Bg3 46. Ke3 Bh2 47. Rb2
Bg3 48. c4 Bh4 49. c5+ Ke6 50. Rb7 Kd7 51. Bf5+ Kd8 52. Rb8+ Ke7 53. Bc8 Bf6
54. f5 Kd8 55. Be6+ Ke7 56. Rg8 Bg5+ 57. f4 Bf6 58. Ke4 g5 59. fxg5 1-0

[Event "European Club Cup 2006"]
[Site "Fuegen AUT"]
[Date "2006.10.13"]
[Round "6.133"]
[White "Kalod, Radek"]
[Black "Ondersteijn, Niels"]
[Result "1-0"]
[WhiteElo "2484"]
[BlackElo "2288"]
[PlyCount "95"]
[EventDate "2006.10.08"]
[EventType "team"]
[EventRounds "7"]
[EventCountry "AUT"]
[Source "lmi"]
[SourceDate "2006.10.08"]

1. e4 c5 2. Nf3 g6 3. c3 Bg7 4. h3 d5 5. exd5 Qxd5 6. d4 Nf6 7. Qb3 Qxb3 8.
axb3 cxd4 9. Nxd4 O-O 10. Na3 Bd7 11. Nab5 Nc6 12. Nxc6 bxc6 13. Nc7 Rab8 14.
Bc4 Rb7 15. Na6 Ne4 16. O-O Nd6 17. Nc5 Rc7 18. Rd1 Bc8 19. Be2 Re8 20. Kf1 Bf8
21. Bf3 e5 22. Na6 Bxa6+ 23. Rxa6 Rec8 24. Be3 Rb8 25. Bxc6 Rxb3 26. Rxd6 Bxd6
27. Bd5 Rb6 28. Bxb6 axb6 29. Rxb6 Bc5 30. Rc6 Rxc6 31. Bxc6 Kf8 32. Ke2 Ke7
33. b4 Ba7 34. Bd5 f5 35. f3 g5 36. g4 Kf6 37. Bg8 e4 38. Bxh7 exf3+ 39. Kxf3
fxg4+ 40. hxg4 Ke5 41. Ke2 Kd5 42. Kd3 Bf2 43. c4+ Kc6 44. Be4+ Kb6 45. Kc3
Be1+ 46. Kb3 Bf2 47. c5+ Ka7 48. Kc4 1-0

[Event "European Club Cup 2006"]
[Site "Fuegen AUT"]
[Date "2006.10.13"]
[Round "6.134"]
[White "Broekmeulen, Jasper"]
[Black "Volkmann, Friedrich"]
[Result "1/2-1/2"]
[WhiteElo "2273"]
[BlackElo "2416"]
[PlyCount "87"]
[EventDate "2006.10.08"]
[EventType "team"]
[EventRounds "7"]
[EventCountry "AUT"]
[Source "lmi"]
[SourceDate "2006.10.08"]

1. e4 e5 2. Nf3 Nf6 3. Nxe5 Nxe4 4. Qe2 Qe7 5. Qxe4 d6 6. d4 dxe5 7. dxe5 Nc6
8. Nc3 Qxe5 9. Qxe5+ Nxe5 10. Bf4 f6 11. O-O-O Bd7 12. Nb5 Bxb5 13. Bxb5+ c6
14. Bxe5 fxe5 15. Bc4 Rd8 16. Rde1 Bd6 17. f4 Rf8 18. fxe5 Bc7 19. Re2 Ke7 20.
Rhe1 Rf4 21. Bd3 Rdf8 22. c3 h6 23. g3 Rf2 24. g4 Rxe2 25. Rxe2 Rf1+ 26. Kc2
Bb6 27. Bf5 Rf2 28. Rxf2 Bxf2 29. Kd3 b6 30. a4 Bh4 31. Ke4 Bg5 32. h3 Bc1 33.
b4 a5 34. Kd4 axb4 35. cxb4 Bb2+ 36. Ke4 Bc3 37. b5 cxb5 38. axb5 Bb2 39. Bh7
Bc3 40. Bg8 Bb2 41. Kd5 Bc3 42. Kc6 Bd4 43. Kd5 Bc3 44. Bh7 1/2-1/2

[Event "European Club Cup 2006"]
[Site "Fuegen AUT"]
[Date "2006.10.13"]
[Round "6.135"]
[White "Schweda, Roland"]
[Black "Span, Paul"]
[Result "0-1"]
[WhiteElo "2451"]
[BlackElo "2278"]
[PlyCount "54"]
[EventDate "2006.10.08"]
[EventType "team"]
[EventRounds "7"]
[EventCountry "AUT"]
[Source "lmi"]
[SourceDate "2006.10.08"]

1. d4 d5 2. Nf3 Nf6 3. c4 e6 4. Bg5 Be7 5. e3 h6 6. Bh4 O-O 7. cxd5 Nxd5 8.
Bxe7 Qxe7 9. e4 Nf6 10. Qc2 b6 11. Nc3 Bb7 12. Be2 c5 13. e5 Nd5 14. Nxd5 Bxd5
15. dxc5 Rc8 16. b4 a5 17. Qb2 axb4 18. Qxb4 Qxc5 19. Qb2 Qc2 20. Qxc2 Rxc2 21.
a4 Nd7 22. Rb1 Rxa4 23. Bb5 Re4+ 24. Kd1 Rc7 25. Bxd7 Rxd7 26. Rxb6 Bc4+ 27.
Kc2 Re2+ 0-1

[Event "European Club Cup 2006"]
[Site "Fuegen AUT"]
[Date "2006.10.13"]
[Round "6.136"]
[White "Muhren, Willem"]
[Black "Kremsner, Andreas"]
[Result "1-0"]
[WhiteElo "2260"]
[BlackElo "2214"]
[PlyCount "71"]
[EventDate "2006.10.08"]
[EventType "team"]
[EventRounds "7"]
[EventCountry "AUT"]
[Source "lmi"]
[SourceDate "2006.10.08"]

1. e4 c5 2. d3 Nc6 3. g3 g6 4. Bg2 Bg7 5. f4 d6 6. Nf3 e6 7. O-O Nge7 8. c3 O-O
9. Be3 b6 10. d4 cxd4 11. cxd4 d5 12. e5 Bd7 13. Bf2 Rc8 14. Re1 Na5 15. Bf1 b5
16. a3 Qb6 17. b3 Rc7 18. Nbd2 b4 19. a4 Rfc8 20. Qe2 Rc2 21. Reb1 R8c3 22. Qd1
Qc7 23. Be2 Bc8 24. Qf1 Rc6 25. Bb5 R6c3 26. Bd3 Qc6 27. Bxc2 Ba6 28. Qd1 Rxc2
29. Rc1 Rc3 30. Rxc3 bxc3 31. b4 cxd2 32. bxa5 Qc3 33. Nxd2 Nf5 34. Rc1 Qd3 35.
Nb3 Qe4 36. Nc5 1-0

[Event "European Club Cup 2006"]
[Site "Fuegen AUT"]
[Date "2006.10.13"]
[Round "6.138"]
[White "Gentilleau, Jean Philippe"]
[Black "Halldorsson, Halldor"]
[Result "0-1"]
[WhiteElo "2209"]
[BlackElo "2226"]
[PlyCount "118"]
[EventDate "2006.10.08"]
[EventType "team"]
[EventRounds "7"]
[EventCountry "AUT"]
[Source "lmi"]
[SourceDate "2006.10.08"]

1. e4 c5 2. Nf3 d6 3. c3 Nf6 4. Bd3 g6 5. Bc2 Bg7 6. O-O Nc6 7. h3 O-O 8. d4
cxd4 9. cxd4 d5 10. e5 Ne4 11. Nbd2 Bf5 12. Re1 Nxd2 13. Bxd2 Qd7 14. Bxf5 Qxf5
15. Qb3 Qd7 16. Rac1 e6 17. Rc2 f6 18. exf6 Bxf6 19. Bc3 Rae8 20. Rce2 Bd8 21.
Qd1 Rxf3 22. gxf3 Bc7 23. Kg2 Qd6 24. Rh1 Ne7 25. h4 Nf5 26. Kf1 Qf4 27. Rh3
Nxh4 28. Qd2 Qf6 29. Qh6 Bd8 30. Re5 g5 31. Rxg5+ Qxg5 32. Rg3 Qxg3 33. fxg3
Nxf3 34. Kg2 Ng5 35. Bd2 Nf7 36. Qh5 Bf6 37. Qg4+ Kh8 38. Be3 Nd6 39. Bg5 Bg7
40. Qh5 Rg8 41. Bf4 Nf5 42. Be5 Bxe5 43. dxe5 Rxg3+ 44. Kf2 Rg6 45. Qe2 a6 46.
Qd2 h5 47. Qe2 Rg4 48. Qd2 Kg7 49. Qa5 h4 50. Qc7+ Kg6 51. Qd8 Rf4+ 52. Kg2
Ne3+ 53. Kh3 d4 54. Qe7 Rf3+ 55. Kh2 Ng4+ 56. Kh1 Kf5 57. Qxb7 Kf4 58. Qxa6 Kg3
59. Qe2 h3 0-1

[Event "European Club Cup 2006"]
[Site "Fuegen AUT"]
[Date "2006.10.13"]
[Round "6.144"]
[White "Heidenfeld, Mark"]
[Black "Koerholz, Ludger"]
[Result "1-0"]
[WhiteElo "2365"]
[BlackElo "2280"]
[PlyCount "107"]
[EventDate "2006.10.08"]
[EventType "team"]
[EventRounds "7"]
[EventCountry "AUT"]
[Source "lmi"]
[SourceDate "2006.10.08"]

1. e4 c5 2. Nf3 Nc6 3. d4 cxd4 4. Nxd4 Nf6 5. Nc3 d6 6. Be2 g6 7. Be3 Bg7 8.
O-O O-O 9. h3 Bd7 10. Qd2 Rc8 11. Rad1 Re8 12. f4 Qc7 13. Nxc6 Bxc6 14. Bf3 b5
15. Qf2 b4 16. Nd5 Nxd5 17. exd5 Bb5 18. Rfe1 Bxb2 19. Bxa7 Qa5 20. Bd4 Qxa2
21. Bxb2 Qxb2 22. Rb1 Qxc2 23. Rxb4 Qc5 24. Rb2 Rc7 25. Re3 Ra8 26. Be4 Ra1+
27. Kh2 Rf1 28. Qd2 Ba4 29. Bf3 Rc1 30. Rb8+ Kg7 31. f5 Rc2 32. Qe1 Rc1 33. Qd2
Rc3 34. Re1 Rc2 35. Qf4 Rc4 36. Qg3 Rc1 37. fxg6 hxg6 38. Qh4 Rc8 39. Rxc1 Qxc1
40. Rxc8 Qxc8 41. Qxa4 Qc3 42. Qf4 Qa1 43. Qg5 Kf8 44. h4 Qd4 45. Kg3 Qb2 46.
Qe3 Qf6 47. Qh6+ Kg8 48. Qg5 Kg7 49. Qxf6+ Kxf6 50. Kf4 e5+ 51. Ke4 Kg7 52. g4
f6 53. Bd1 Kf7 54. Bc2 1-0

[Event "European Club Cup 2006"]
[Site "Fuegen AUT"]
[Date "2006.10.13"]
[Round "6.146"]
[White "Keogh, Eamon"]
[Black "Oberweis, Paul"]
[Result "1/2-1/2"]
[WhiteElo "2093"]
[BlackElo "2094"]
[PlyCount "100"]
[EventDate "2006.10.08"]
[EventType "team"]
[EventRounds "7"]
[EventCountry "AUT"]
[Source "lmi"]
[SourceDate "2006.10.08"]

1. e4 c5 2. Nc3 Nc6 3. g3 Nf6 4. Bg2 e6 5. f4 d6 6. Nf3 Be7 7. d3 O-O 8. O-O
Rb8 9. h3 b5 10. g4 b4 11. Ne2 c4 12. Ng3 cxd3 13. cxd3 d5 14. e5 Nd7 15. d4
Qb6 16. b3 f6 17. Kh2 fxe5 18. dxe5 Bc5 19. f5 Ndxe5 20. Nxe5 Nxe5 21. Bf4 Bd6
22. fxe6 Bxe6 23. Bxd5 Nxg4+ 24. Qxg4 Bxd5 25. Nf5 Bxf4+ 26. Rxf4 Qf6 27. Raf1
Rbe8 28. R4f2 Be6 29. Kg1 Bxf5 30. Rxf5 Qb6+ 31. Kg2 Qb7+ 32. Kg1 Qb6+ 33. Kg2
Qc6+ 34. Kg1 Rxf5 35. Qxf5 Qb6+ 36. Rf2 Re1+ 37. Kg2 Qc6+ 38. Qf3 Qg6+ 39. Qg4
Qc6+ 40. Qf3 Qg6+ 41. Qg4 Qe4+ 42. Qf3 Qxf3+ 43. Kxf3 Kf7 44. Rc2 Re7 45. Rc5
Rb7 46. Ke4 Ke6 47. Rh5 g6 48. Ra5 Kd6 49. h4 Kc6 50. h5 Kb6 1/2-1/2

[Event "European Club Cup 2006"]
[Site "Fuegen AUT"]
[Date "2006.10.13"]
[Round "6.149"]
[White "Scannell, Stephen"]
[Black "Mehmeti, Dritan"]
[Result "0-1"]
[WhiteElo "2157"]
[BlackElo "2396"]
[PlyCount "88"]
[EventDate "2006.10.08"]
[EventType "team"]
[EventRounds "7"]
[EventCountry "AUT"]
[Source "lmi"]
[SourceDate "2006.10.08"]

1. d4 c5 2. e3 Nf6 3. Nf3 g6 4. b3 Bg7 5. Bb2 O-O 6. Bd3 b6 7. O-O Bb7 8. Qe2
d6 9. c4 Nbd7 10. d5 e5 11. e4 Nh5 12. g3 Qe7 13. Qc2 Rae8 14. Nc3 Bc8 15. Ne1
Ndf6 16. f3 Kh8 17. Ng2 Ng8 18. a4 a5 19. Rf2 f5 20. Raf1 Nh6 21. Bc1 Rf7 22.
Bd2 Ref8 23. Nb5 Bd7 24. Qc1 Ng8 25. Bg5 Nhf6 26. Nh4 f4 27. gxf4 exf4 28. Qxf4
Bxb5 29. cxb5 Qd7 30. Qd2 Nh5 31. Ng2 Bd4 32. Be3 Bxe3 33. Qxe3 Ngf6 34. Be2
Qh3 35. Qd3 g5 36. f4 Qxd3 37. Bxd3 Ng4 38. Rf3 Nxf4 39. Nxf4 gxf4 40. Rh3 Rg7
41. Kh1 Rfg8 42. Rhf3 Ne5 43. Rh3 Rg2 44. Bc4 f3 0-1

[Event "European Club Cup 2006"]
[Site "Fuegen AUT"]
[Date "2006.10.13"]
[Round "6.155"]
[White "Bujupi, Bajram"]
[Black "Jones, Richard S"]
[Result "1/2-1/2"]
[WhiteElo "2227"]
[BlackElo "2354"]
[PlyCount "67"]
[EventDate "2006.10.08"]
[EventType "team"]
[EventRounds "7"]
[EventCountry "AUT"]
[Source "lmi"]
[SourceDate "2006.10.08"]

1. d4 Nf6 2. Nf3 g6 3. g3 Bg7 4. Bg2 O-O 5. O-O d6 6. c4 Nbd7 7. Nc3 e5 8. e4
a6 9. Be3 exd4 10. Bxd4 Re8 11. Qc2 Ne5 12. Nxe5 dxe5 13. Bc5 Be6 14. Rfd1 Nd7
15. b3 Qb8 16. Be3 c6 17. Na4 Qc7 18. Rd2 Bf8 19. c5 Be7 20. Rad1 Rad8 21. Nb6
Nxb6 22. cxb6 Qb8 23. Bc5 Rxd2 24. Rxd2 Bxc5 25. Qxc5 Rd8 26. Qc3 Rxd2 27. Qxd2
Qf8 28. h4 f6 29. Bf1 Kg7 30. Bc4 Bxc4 31. bxc4 Qf7 32. c5 Qe7 33. a4 Kf7 34.
Qa2+ 1/2-1/2

[Event "European Club Cup 2006"]
[Site "Fuegen AUT"]
[Date "2006.10.13"]
[Round "6.158"]
[White "Cast, Abigail"]
[Black "Sahitaj, Naim"]
[Result "0-1"]
[WhiteElo "2101"]
[BlackElo "2248"]
[PlyCount "206"]
[EventDate "2006.10.08"]
[EventType "team"]
[EventRounds "7"]
[EventCountry "AUT"]
[Source "lmi"]
[SourceDate "2006.10.08"]

1. d4 Nf6 2. c4 e6 3. Nf3 h6 4. Nc3 d5 5. e3 c6 6. Bd3 Nbd7 7. O-O dxc4 8. Bxc4
b5 9. Bd3 Be7 10. Re1 O-O 11. e4 a6 12. e5 Nd5 13. Nxd5 cxd5 14. Bd2 Bb7 15.
Rc1 Qb6 16. Bb1 Rac8 17. Qe2 Rfe8 18. Qd3 Nf8 19. g4 Rxc1 20. Rxc1 Rc8 21. g5
h5 22. Ne1 Rc4 23. Nf3 a5 24. b3 Rxc1+ 25. Bxc1 b4 26. Be3 Ba6 27. Qd1 Qb5 28.
Nd2 g6 29. Kg2 Nh7 30. Nf3 Nf8 31. Kg3 Nd7 32. Nh4 Kg7 33. Ng2 Kg8 34. Nh4 Nf8
35. Nf3 Bd8 36. Nh4 Bb6 37. Nf3 Nd7 38. Nh4 Kg7 39. Ng2 Nb8 40. Nf4 Qf1 41.
Qxf1 Bxf1 42. Bd3 Bxd3 43. Nxd3 Nc6 44. Nc5 Bxc5 45. dxc5 Kf8 46. f4 Ke8 47.
Kf3 Kd7 48. Ke2 Nb8 49. Kd3 Kc6 50. Kd4 Kb5 51. Bf2 Nc6+ 52. Kd3 a4 53. Be3 a3
54. Bf2 Nb8 55. Kd4 Na6 56. Kd3 Kc6 57. Be3 Nc7 58. Bf2 Nb5 59. Bd4 Na7 60. Kd2
Kb5 61. Kd3 Nc6 62. Bf2 Ne7 63. Kd4 Nf5+ 64. Kd3 h4 65. Bg1 h3 66. Bf2 Ng7 67.
Bd4 Nh5 68. Be3 Ng3 69. Bf2 Nh5 70. Be3 Kc6 71. Kd4 Ng3 72. Kd3 Ne4 73. Bd4 Kb5
74. Kc2 Ng3 75. Kd3 Nh5 76. Be3 Ng7 77. Bd4 Nf5 78. Bf2 Ne7 79. Bd4 Nc6 80. Bf2
Na5 81. Kc2 d4 82. Bxd4 Kc6 83. Kd3 Kd5 84. Be3 Nc6 85. Bf2 Ne7 86. Bd4 Nc6 87.
Bf2 Ne7 88. Bd4 Kc6 89. Kc4 Nd5 90. Ba1 Nxf4 91. Kxb4 Nd3+ 92. Kxa3 Ne1 93. Ka4
Nf3 94. b4 Nxh2 95. b5+ Kxc5 96. Bd4+ Kxd4 97. b6 Nf3 98. b7 h2 99. b8=Q h1=Q
100. Qb2+ Ke3 101. Qc3+ Kf4 102. Qc4+ Kxg5 103. Ka5 Nxe5 0-1